| 000 | 00797nam a22002057a 4500 | ||
|---|---|---|---|
| 999 |
_c16000 _d16000 |
||
| 003 | AR-CdUCM | ||
| 008 | 190430b ||||| |||| 00| 0 spa d | ||
| 040 |
_aMUNICIPALIDAD PROVINCIAL DEL CUSCO _cBIBLIOTECA MUNICIPAL DEL CUSCO |
||
| 082 |
_a340.40 / _bJ41 |
||
| 100 |
_aJauregui Rosquellas, Alfredo _935263 |
||
| 245 | _aLa España heroica en el nuevo mundo / | ||
| 260 |
_aLa Paz ; _bArno Hermanos Editores, _c1925. |
||
| 300 |
_a270, cxiii-cxxiv, ii-xxix, cxii paginas ; _c20 cm. |
||
| 505 | _aContenido :La España heroica en el nuevo mundo --La colonización inglesa en América --El paraíso ingles --La formación de las colonias d inglesas ... | ||
| 650 |
_aColonias _914650 |
||
| 650 |
_aEspaña _9176 |
||
| 650 |
_aHistoria _9136 |
||
| 942 |
_2ddc _cLIBROS |
||
| 945 |
_arjall _d2019-04-30 |
||